LEADER 01655nam--2200421---450- 001 990003454880203316 005 20101014124956.0 010 $a88-14-15441-4 035 $a000345488 035 $aUSA01000345488 035 $a(ALEPH)000345488USA01 035 $a000345488 100 $a20101014d2010----km-y0enga50------ba 101 0 $aita 102 $aIT 105 $ay|||z|||001yy 200 1 $aAgricoltura e alimentazione$eprincipi e regole della qualità$edisciplina internazionale, comunitaria, nazionale$eatti del Convegno internazionale IDAIC, Macerata, 9-10 ottobra 2009$fa cura di Francesco Adornato, Ferdinando Albisinni e Alberto Germanò 210 $aMilano$cGiuffrè$d2010 215 $aX, 382 p.$d24 cm 225 2 $aPubblicazioni dell'Istituto agrario internazionale e comparato, Firenze$iN.S.$v62 410 0$1001000311888$12001$aPubblicazionidell'Istituto di diritto agrario internazionale e comparato, Firenze$iN.S.$v, 62 606 0 $aProdotti agricoli$xControllo di qualità$xLegislazione$xAtti di congressi 676 $a341.75471 702 1$aADORNATO,$bFrancesco 702 1$aALBISINNI,$bFerdinando 702 1$aGERMANÒ,$bALBERTO 801 0$aIT$bsalbc$gISBD 912 $a990003454880203316 951 $aXXIX.1. Coll. 3/ 2$b68777 G.$cXXIX.1. Coll.$d00283172 959 $aBK 969 $aGIU 979 $aCHIARA$b90$c20101014$lUSA01$h1227 979 $aCHIARA$b90$c20101014$lUSA01$h1228 979 $aCHIARA$b90$c20101014$lUSA01$h1229 979 $aCHIARA$b90$c20101014$lUSA01$h1245 979 $aCHIARA$b90$c20101014$lUSA01$h1249 996 $aAgricoltura e alimentazione$9263305 997 $aUNISA LEADER 01241nam0-22004091i-450- 001 990005537540203316 005 20050719120000.0 035 $a000553754 035 $aUSA01000553754 035 $a(ALEPH)000553754USA01 035 $a000553754 100 $a20050719d1978-------|0itac50------ba 101 $aita 102 $aIT 105 $a|||| ||||| 200 1 $a1.1$eEconomia e storia - 1$fa cura di Marcello Carmagnani e Alessandro Vercelli 210 $aFirenze$cLa Nuova Italia$dc1978 215 $aXII, 489 p.$cgraf.$d25 cm. 225 2$a<> mondo contemporaneo$v1.1 410 1$12001$a<> mondo contemporaneo$v1.1 606 $aEconomia$xStoria$xSec. 19.-20.$2FI 620 $dFirenze 676 $a330.9$cSituazioni e condizioni economiche$v21 702 1$aVERCELLI,$bAlessandro 702 1$aCARMAGNANI,$bMarcello 712 $aLa nuova Italia 801 $aIT$bSOL$c20120104 912 $a990005537540203316 950 $aDIP.TO SCIENZE ECONOMICHE - (SA)$dDS 300 330.9 CAR$e1614 DISES 951 $a300 330.9 CAR$b1614 DISES 959 $aBK 969 $aDISES 979 $c20121027$lUSA01$h1533 979 $c20121027$lUSA01$h1613 996 $a1.1$970121 997 $aUNISA NUM $aUSA15950 LEADER 01385nam 2200409 450 001 9910808706903321 005 20230808201343.0 010 $a1-78714-233-7 035 $a(CKB)3710000001025897 035 $a(MiAaPQ)EBC4789478 035 $a(EXLCZ)993710000001025897 100 $a20170203h20162016 uy 0 101 0 $aeng 135 $aurcnu|||||||| 181 $2rdacontent 182 $2rdamedia 183 $2rdacarrier 200 00$aICEAF IV 4th International Conference of Engineering Against Failure $ePart II /$fSpiros Pantelakis, guest editor 210 1$a[Bradford, England] :$cEmerald Group Publishing Limited,$d2016. 210 4$d©2016 215 $a1 online resource (107 pages) 225 0 $aInternational Journal of Structural Integrity,$x1757-9864 ;$vVolume 7 Number 6 311 $a1-78714-232-9 320 $aIncludes bibliographical references at the end of each chapters. 606 $aStructural engineering$vPeriodicals 606 $aStructural engineering$xResearch 615 0$aStructural engineering 615 0$aStructural engineering$xResearch. 676 $a624.105 702 $aPantelakis$b Spiros 801 0$bMiAaPQ 801 1$bMiAaPQ 801 2$bMiAaPQ 906 $aBOOK 912 $a9910808706903321 996 $aICEAF IV 4th International Conference of Engineering Against Failure$93944959 997 $aUNINA